000
00306nam a2200121Ia 4500
005
20250409181015.0
008
250409s9999||||xx |||||||||||||| ||und||
100
_a
CHANDRAMATHI, N.T
245
0
_a
LAW OF SALES TAX IN KERALA
260
_b
SOORYA CINE PRINTOGRAPHS,
_a
SIVAKASI:
650
_v
Law
942
_c
BOOK
999
_c
5906
_d
5906